ARRUPE JESUIT UNIVERSITY

CORONAVIRUS -STOP THE SPREAD - CLEAN,DISINFECT,COVER

A fever at the core : (Record no. 119436)

MARC details
000 -LEADER
fixed length control field 00858cam a2200277 i 4500
001 - CONTROL NUMBER
control field 2239663
003 - CONTROL NUMBER IDENTIFIER
control field ARRUPE
005 - DATE AND TIME OF LATEST TRANSACTION
control field 20131220134201.0
008 - FIXED-LENGTH DATA ELEMENTS--GENERAL INFORMATION
fixed length control field 761101s1976 enkb b 000 0ceng
010 ## - LIBRARY OF CONGRESS CONTROL NUMBER
LC control number 76375311
015 ## - NATIONAL BIBLIOGRAPHY NUMBER
National bibliography number GB76-22264
020 ## - INTERNATIONAL STANDARD BOOK NUMBER
International Standard Book Number 0904388123 :
Terms of availability £4.25
040 ## - CATALOGING SOURCE
Original cataloging agency DLC
Transcribing agency DLC
Modifying agency DLC
050 00 - LIBRARY OF CONGRESS CALL NUMBER
Classification number HM283
Item number .M52 1976b
082 00 - DEWEY DECIMAL CLASSIFICATION NUMBER
Classification number 909.82/092/2
-- B
300 ## - PHYSICAL DESCRIPTION
Other physical details map ;
Dimensions 23 cm.
100 1# - MAIN ENTRY--PERSONAL NAME
Personal name Meyers, Jeffrey.
9 (RLIN) 6256
245 12 - TITLE STATEMENT
Title A fever at the core :
Remainder of title the idealist in politics /
Statement of responsibility, etc [by] Jeffrey Meyers.
260 ## - PUBLICATION, DISTRIBUTION, ETC. (IMPRINT)
Place of publication, distribution, etc London :
Name of publisher, distributor, etc London Magazine Editions,
Date of publication, distribution, etc 1976.
300 ## - PHYSICAL DESCRIPTION
Extent 172 p. :
504 ## - BIBLIOGRAPHY, ETC. NOTE
Bibliography, etc Bibliography: p. [171]-172.
650 #0 - SUBJECT ADDED ENTRY--TOPICAL TERM
Topical term or geographic name as entry element Revolutionaries
General subdivision Biography.
9 (RLIN) 6257
650 #0 - SUBJECT ADDED ENTRY--TOPICAL TERM
Topical term or geographic name as entry element Revolutionaries
General subdivision Psychology.
9 (RLIN) 6258
650 #0 - SUBJECT ADDED ENTRY--TOPICAL TERM
Topical term or geographic name as entry element Idealism.
9 (RLIN) 6259
906 ## - LOCAL DATA ELEMENT F, LDF (RLIN)
a 7
b cbc
c orignew
d 3
e ncip
f 19
g y-gencatlg
942 ## - ADDED ENTRY ELEMENTS (KOHA)
Source of classification or shelving scheme Library of Congress Classification
Koha item type Monograph ( Printed materials)
Holdings
Withdrawn status Lost status Source of classification or shelving scheme Damaged status Not for loan Home library Current library Date acquired Total Checkouts Full call number Barcode Date last seen Price effective from Koha item type
    Library of Congress Classification     ARRUPE LIBRARY ARRUPE LIBRARY 20/12/2013   HM283 .M52 1976 464122951 30/04/2018 20/12/2013 Monograph ( Printed materials)

 

Arrupe Library. PO Box MP320 Mt Pleasant, Harare, Zimbabwe
263 242 745411|librarian@aju.ac.zw